The women's movement and colonial politics in Bengal : (Record no. 57587)
[ view plain ]
| 000 -LEADER | |
|---|---|
| fixed length control field | 00853nam a2200253 a 4500 |
| 001 - CONTROL NUMBER | |
| control field | 57587 |
| 003 - CONTROL NUMBER IDENTIFIER | |
| rucl marc code | BD-RjUL |
| 005 - DATE AND TIME OF LATEST TRANSACTION | |
| control field | 20211209080531.0 |
| 008 - FIXED-LENGTH DATA ELEMENTS--GENERAL INFORMATION | |
| fixed length control field | 161210s1996 ii c b 001 0 eng |
| 020 ## - INTERNATIONAL STANDARD BOOK NUMBER | |
| International Standard Book Number | 9840513427 |
| 035 ## - SYSTEM CONTROL NUMBER | |
| System control number | (BD-RjUL)57711 |
| System control number | 1014238 |
| 040 ## - CATALOGING SOURCE | |
| Original cataloging agency | LCLOW |
| Language of cataloging | eng |
| Transcribing agency | LCLOW |
| Modifying agency | ANL:NR |
| 041 ## - LANGUAGE CODE | |
| Language code of text/sound track or separate title | eng |
| 082 00 - DEWEY DECIMAL CLASSIFICATION NUMBER | |
| Edition number | 23 |
| Classification number | 305.420954 |
| Author mark and year | SOW 1996 |
| 100 1# - MAIN ENTRY--PERSONAL NAME | |
| Personal name | Southard, Barbara. |
| 9 (RLIN) | 170992 |
| 245 14 - TITLE STATEMENT | |
| Title | The women's movement and colonial politics in Bengal : |
| Remainder of title | the quest for political rights, education, and social reform legislation, 1921-1936 / |
| Statement of responsibility, etc. | Barbara Southard. |
| 260 ## - PUBLICATION, DISTRIBUTION, ETC. (IMPRINT) | |
| Place of publication, distribution, etc. | New Delhi : |
| Name of publisher, distributor, etc. | Manohar, |
| Date of publication, distribution, etc. | 1996 |
| 300 ## - PHYSICAL DESCRIPTION | |
| Pagination | x, 317 p. : |
| Illustrations | ill. ; |
| Size | 23 cm. |
| 504 ## - BIBLIOGRAPHY, ETC. NOTE | |
| Bibliography, etc | Includes bibliographical references (p. [293]-304) and index. |
| 650 #0 - SUBJECT ADDED ENTRY--TOPICAL TERM | |
| Topical term or geographic name as entry element | Women's rights |
| General subdivision | India. |
| 9 (RLIN) | 170993 |
| 942 ## - ADDED ENTRY ELEMENTS (KOHA) | |
| Source of classification or shelving scheme | Dewey Decimal Classification |
| Koha item type | Books |
| Lost status | Source of classification or shelving scheme | Damaged status | Not for loan | Collection code | Permanent Location | Current Location | Shelving location | Date acquired | Source of acquisition | Cost, normal purchase price | Total Checkouts | Full call number | Date last seen | Copy number | Koha item type |
|---|---|---|---|---|---|---|---|---|---|---|---|---|---|---|---|
| Dewey Decimal Classification | Not For Loan | Non-fiction | Central Library, University of Rajshahi | Central Library, University of Rajshahi | Reading Room | 24/10/1996 | Mirza books agency | 450.00 | 305.420954 SOW 1996 | 10/12/2016 | C-1 | Books |